|
|
|
|
| LEADER |
00000nab a2200000 a 4500 |
| 001 |
vtls000771998 |
| 003 |
SK-MaSNL |
| 005 |
20260304225758.0 |
| 008 |
180206c2001 xo 0 slo |
| 015 |
|
|
|a SNBRB2001/10-30861
|
| 035 |
|
|
|a CLN000123785
|
| 040 |
|
|
|a SNKBUCL
|b slo
|c SNKBUCL
|e AACR2
|
| 041 |
0 |
|
|a slo
|
| 044 |
|
|
|a xo
|c SK
|
| 080 |
|
|
|a 338.45(437.6):330.341.1:504.05
|2 UDC-MRF-SK2
|
| 080 |
|
|
|a 504.05(437.6)
|2 UDC-MRF-SK2
|
| 100 |
1 |
|
|a Onuferová, Marianna
|4 aut
|9 838836
|
| 245 |
1 |
0 |
|a Porušenie zákonov
|b ekologické organizácie sa postavili proti výstavbe parku na Záhorí
|c Marianna Onuferová
|
| 300 |
|
|
|b Fotogr.
|
| 650 |
0 |
7 |
|a parky priemyselné
|z Záhorie (Slovensko)
|x výstavba
|x prostredie životné
|x ohrozenie
|2 snkbucl
|9 1562013
|
| 650 |
0 |
7 |
|a životné prostredie
|2 snkbucl
|9 786
|
| 655 |
|
7 |
|a články z novín a časopisov
|2 snkbucl
|9 267496
|
| 773 |
0 |
|
|x 1335-4620
|t Profit
|g Roč. 9, č. 37 (2001), s. 11
|
| 850 |
|
|
|a Slovenská národná knižnica v Martine
|
| 852 |
|
|
|a SNK
|b KIS3GCP
|
| 958 |
|
|
|a RBX
|
| 999 |
|
|
|c 3179682
|d 3181612
|